000 00287nam a22001337a 4500
008 170915b xxu||||| |||| 00| 0 eng d
020 _a9780697274809
041 _aeng
080 _a7
100 _a44
101 _aART
245 _aART ACROSS TIME
_cADAMS.L.SCH
942 _2udc
_cBK
999 _c27790
_d27790